DTP course : (Record no. 9750)

MARC details
000 -LEADER
fixed length control field 00584cam a2200205ua 4500
001 - CONTROL NUMBER
control field 10799
005 - DATE AND TIME OF LATEST TRANSACTION
control field 20260515114649.0
008 - FIXED-LENGTH DATA ELEMENTS--GENERAL INFORMATION
fixed length control field 190404n ii |||gr||||Z||||||eng
020 ## - INTERNATIONAL STANDARD BOOK NUMBER
International Standard Book Number 9788183333047
040 ## - CATALOGING SOURCE
Transcribing agency MAIN
082 ## - DEWEY DECIMAL CLASSIFICATION NUMBER
Classification number 005.5
245 ## - TITLE STATEMENT
Title DTP course :
Remainder of title complete book for learning better and faster /
Statement of responsibility, etc. By Satish Jain and M Geetha .
250 ## - EDITION STATEMENT
Edition statement 2nd rev ed.
260 ## - PUBLICATION, DISTRIBUTION, ETC.
Place of publication, distribution, etc. New Delhi:
Name of publisher, distributor, etc. BPB publications,
Date of publication, distribution, etc. 2014.
300 ## - PHYSICAL DESCRIPTION
Extent 495p.
653 ## - INDEX TERM--UNCONTROLLED
Uncontrolled term Computer programming, programs & data
700 ## - ADDED ENTRY--PERSONAL NAME
Personal name Satish Jain,
Relator term Author.
700 ## - ADDED ENTRY--PERSONAL NAME
Personal name M Geetha,
Relator term Author.
942 ## - ADDED ENTRY ELEMENTS (KOHA)
Koha item type Books
Holdings
Withdrawn status Lost status Damaged status Not for loan Home library Current library Shelving location Date acquired Total checkouts Full call number Barcode Date last seen Copy number Price effective from Koha item type
        Naharkatiya College Library Naharkatiya College Library General stacks 09/19/2020   005.5DTP course | JAI 24688 09/19/2020 1 09/19/2020 Books